000 01393cam a22003374a 4500
001 12778825
003 OSt
005 20240601143113.0
008 020517s2002 enkab b 101 0 eng
010 _a 2002071572
020 _a0521803543
020 _a0521006139 (pbk.)
040 _aDLC
_cDLC
_dDLC
042 _apcc
050 0 0 _aQL737.P96
_bB416 2002
082 0 0 _a599.885 BEH 2002
100 _aEdited by Boesch, Christophe; Hohmann, Gottfried; Marchant, Linda F.
_916997
245 0 0 _aBehavioural Diversity in Chimpanzees and Bonobos
260 _bCambridge University Press,
_c2002.
300 _ax, 285 p. :
_bill., maps ;
_c26 cm.
504 _aIncludes bibliographical references and index.
650 0 _aChimpanzees
_914409
650 0 _aBonobo
_914410
856 4 1 _3Sample text
_uhttp://www.loc.gov/catdir/samples/cam031/2002071572.html
856 4 1 _3Table of contents
_uhttp://www.loc.gov/catdir/toc/cam031/2002071572.html
856 4 2 _3Publisher description
_uhttp://www.loc.gov/catdir/description/cam0210/2002071572.html
856 4 2 _3Contributor biographical information
_uhttp://www.loc.gov/catdir/enhancements/fy0731/2002071572-b.html
906 _a7
_bcbc
_corignew
_d1
_eocip
_f20
_gy-gencatlg
942 _2ddc
_cO_SHELF
999 _c7018
_d7018